00616 a2200133 4500003000500000005001700005040000900022082001300031100002400044245004200068260001000110300001100120505035100131Nust20221219130236.0 cNust a080, REB aM. Rebrou, G.Khozin aThe Moon and MancM. Rebrou, G.Khozin bPeace a117,p; aBy way of an introduction (Page-9), The promise of outer space (Page-11), Moon fables (Page-18), Birth of a dream (Page-22), Hapotheses and theories (Page-34), Automatic explorers (Page-48), Rocket engines (Page-69), Moon projects (Page-84), Robots on the moon (Page-102), The forst men on the moon (Page-106), The call of the cosmos (Page-115).